000 00517cam a2200181 a 4500
001 000001412
005 20200929145554.0
008 790511s1969 sp 000 0 spa
040 _aDO-SdBNP
_bspa
_cBNPHU
082 _a863.64
_bM445t
100 1 _aMatute, Ana María,
_d1926-
_94724
245 1 3 _aLa trampa /
_cAna María Matute.
260 _aBarcelona :
_bDestino,
_c1969.
300 _a277 p. ;
_c18 cm.
440 3 _aLos mercaderes
_94725
650 4 _aNovela española
_91123
650 4 _aLiteratura española
_9632
999 _c1333
_d1333